Language Quiz

Random Language or Letter Quiz

13 ways not to 'Shop' Quiz Stats

 Plays Quiz not verified by Sporcle

Challenge
Share
Tweet
Embed
Score 0/13 Timer 01:00
2 Plays Today
% Correct
Ship
93.8%
Stop
90.9%
Shot
89.1%
Slop
88.5%
Chop
87.6%
Shod
86.6%
Show
84.8%
Shoe
81.5%
Shog
74.6%
Swop
72.8%
Scop
63.5%
Shoo
58.6%
Whop
52.3%

You're not logged in!

Compare scores with friends on all Sporcle quizzes.
Join for Free
OR
Log In

You Might Also Like...

Show Comments

Extras

Top Quizzes Today


Score Distribution

Your Account Isn't Verified!

In order to create a playlist on Sporcle, you need to verify the email address you used during registration. Go to your Sporcle Settings to finish the process.

Report this User

Report this user for behavior that violates our Community Guidelines.

Details: